Statistics for TOP COUNTRIES IN DIFFERENT SPORTS

Click here to take the quiz!

General Stats

  • This quiz has been taken 1,801 times
  • The average score is 13 of 30

Answer Stats

SPORTCOUNTRY% Correct
BASKETBALLUSA
98%
ICE HOCKEYCANADA
76%
GOLFUSA
75%
SWIMMINGUSA
75%
BOXINGMEXICO
74%
TABLE TENNISCHINA
73%
CRICKETINDIA
69%
BADMINTONCHINA
65%
RUGBYNEW ZEALAND
60%
SPRINTINGJAMAICA
57%
GYMNASTICSRUSSIA
55%
BEACH VOLLEYBALLBRAZIL
53%
JUDOJAPAN
52%
CURLINGCANADA
48%
FIGURE SKATINGRUSSIA
43%
TAEKWONDOSOUTH KOREA
42%
NORDIC COMBINEDNORWAY
38%
LAWN TENNISUSA
34%
SKIAUSTRIA
33%
SPEED SKATINGNETHERLANDS
32%
WEIGHTLIFTINGRUSSIA
29%
WRESTLINGRUSSIA
28%
LUGEGERMANY
22%
WATER POLOHUNGARY
19%
ARCHERYSOUTH KOREA
18%
INDOOR VOLLEY.BRAZIL
17%
FENCINGITALY
14%
EQUESTRIANGERMANY
13%
BOBSLEIGHSWITZERLAND
11%
BILLIARDSPHILIPPINES
1%

Score Distribution

Percentile by Number Answered

Percent of People with Each Score

Your Score History

You have not taken this quiz